000 00525nab a2200145Ia 4500
003 ES-SlBCS
005 20210601143654.0
008 140529s2009 xxu||||| |||| 00| 0 spa d
041 _aspa
100 1 _aGonzález-Blanch, César
_9291097
245 0 0 _aSalud mental en atención primaria: qué tenemos, qué necesitamos y dónde encontrarlo
_c César González-Blanch
650 0 4 _aProfesionales de Atención Primaria
_9291251
773 0 _tPapeles del Psicólogo
_gvol. 30, nº. 2, 2009, págs. 169-174
_wRev1322
942 _cAR
999 _c695890
_d695890